000 00616nam a22002177a 4500
005 20170124110058.0
010 _aA-410711
020 _c00.00
035 _aA-410711
037 _bCen Lib/Ret
040 _aDPL
_bEN
082 _aN
_bSEA
100 _aSealy, I. Allan
_926848
245 _aHero :
_cby I. Allan Sealy
_ba fable /
260 _aNew Delhi
_bPenguin Books
_c1990
270 _a72-B Himalaya House, 23, Kasturba Gandhi Marg
_bNew Delhi
_e110001
300 _a284p.
_c20cm(Hb)
650 _aEnglish fiction
_9111754
650 _aEnglish fiction -- 20th century
_926850
942 _2ddc
_cEN
_hN
_mSEA
999 _c129597
_d129597